000 00858cam a2200277 a 4500
001 4678429
003 OSt
005 20140310182143.0
008 810312s1981 nyua 000 0 eng
010 _a 81004622
020 _a0446978841 :
_c$7.95
040 _aDLC
_cDLC
_dDLC
050 0 0 _aTX 158
_b.Y62 1977
082 0 0 _aHS 640
_bY8 1981
100 1 _aYoung, Pam
_q(Pamela I.)
_915376
245 1 0 _aSidetracked home executives :
_bfrom pigpen to paradise /
_cPam Young and Peggy Jones.
260 _aNew York :
_bWarner Books,
_cc1977.
300 _a157 p. :
_bill. ;
_c22 cm.
650 0 _aHome economics.
_915377
650 0 _aHousewives
_xTime management.
_915378
700 1 _aJones, Peggy
_q(Peggy A.)
_915379
700 1 _aRozen, Sydney Craft.
_915380
906 _a7
_bcbc
_corignew
_d1
_eocip
_f19
_gy-gencatlg
942 _2lcc
_cHS
999 _c9875
_d9875